1845 1896 1447 1060 1468 1520 1930 1267 1342 1689 1609 1553 1785 1970 1562 1155 1756 1394 1374 1490 1293 1696 1768 1815 1126 1227 1788 1228 1696 1639 1507 1664 1845 1466 1511 1060 1966 1026 1721 1843 1344 1583 1851 1705 1010 1803 1137 1780 1524 1201 1200 1840 1019 1900 1707 1587 1813 1183 1983 1209 1231 1510 1479 1351 1534 1037 1814 1901 1744 1573 1542 1502 1330 1017 1573 1305 1239 1174 1104 1722 1077 1373 1637 1725 1074 1831 1457 1972 1017 1100 1216 1395 1221 1175 1094 1964 1656 1063 1611 BCNSPRNW ULIB Ver.6.0+V

เปลี่ยนเป็นภาษาไทย

Change to English
 แสดงรายละเอียดบรรณานุกรม
  กลับหน้าหลัก

Brief Record : Get Marc (ISO 2709) : E-mail record : QR code < ปิดหน้าต่าง
LEADER : 00000nam 2200000uu 4500
001    13399126773
003     ULIB
008    190304s2561||||th 000 0 tha d
020    ^a9786162231476^c350
060 04 ^aWA590^bก523
245 00 ^aการสร้างเสริมสุขภาพและป้องกันโรคในชุมชน (ฉบับปรับปรุง) :^bการประยุกต์แนวคิดและทฤษฏีสู่การปฏิบัติ = Health promotion and disease prevention in community : an application of concepts and theories to practice /^cอาภาพร เผ่าวัฒนา ... [และคนอื่นๅ]
246 31 ^aHealth promotion and disease prevention in community :^ban application of concepts and theories to practice
250    ^aพิมพ์ครั้งที่ 1 (ฉบับปรับปรุง)
260    ^aกรุงเทพฯ :^bเอ็มเอ็น คอมพิวออฟเซท,^c2561
300    ^aก-ฏ, 344 หน้า :^bภาพประกอบ ;^c26 ซม.
504    ^aเอกสารอ้างอิงและดัชนีท้ายเล่ม
650  4 ^aการส่งเสริมสุขภาพ
650  4 ^aโรค^xการป้องกันและควบคุม
650  4 ^aสุขภาพ^xการมีส่วนร่วมของประชาชน
700 0  ^aอาภาพร เผ่าวัฒนา
710 2  ^aมหาวิทยาลัยมหิดล^bคณะสาธารณสุขศาสตร์
945    ^p350^l0^i27197
945    ^p350^l0^i27196
945    ^p350^l0^i27195
945    ^p350^l0^i27194
945    ^p350^l0^i27198
999    ^aกัณชพร จุลอักษร
รายการนี้ยังไม่มีแท็ก
คุณยังไม่ได้ล็อกอิน คุณสามารถมีกิจกรรมร่วมกับเว็บไซต์ได้ แต่ต้องล็อกอินก่อน ::
  ล็อกอิน

รายการสื่อสารสนเทศ

ลำดับที่ ประเภท เลขเรียก/บาร์โค้ด สถานที่ สถานะ
1. หนังสือสำรอง
หนังสือสำรอง
WA590 ก523 ฉ.1 
  Barcode: 27194
ห้องสมุดวิทยาเขตนครสวรรค์
►หนังสือทั่วไป:l:General Books
บนชั้น
2. วิทยาศาสตร์การแพทย์ และสุขภาพ
วิทยาศาสตร์การแพทย์ และสุขภาพ
WA590 ก523 ฉ.2 
  Barcode: 27195
ห้องสมุดวิทยาเขตนครสวรรค์
►หนังสือทั่วไป:l:General Books
บนชั้น
3. วิทยาศาสตร์การแพทย์ และสุขภาพ
วิทยาศาสตร์การแพทย์ และสุขภาพ
WA590 ก523 ฉ.3 
  Barcode: 27196
ห้องสมุดวิทยาเขตนครสวรรค์
►หนังสือทั่วไป:l:General Books
บนชั้น
4. วิทยาศาสตร์การแพทย์ และสุขภาพ
วิทยาศาสตร์การแพทย์ และสุขภาพ
WA590 ก523 ฉ.4 
  Barcode: 27197
ห้องสมุดวิทยาเขตนครสวรรค์
►หนังสือทั่วไป:l:General Books
บนชั้น
5. วิทยาศาสตร์การแพทย์ และสุขภาพ
วิทยาศาสตร์การแพทย์ และสุขภาพ
WA590 ก523 ฉ.5 
  Barcode: 27198
ห้องสมุดวิทยาเขตนครสวรรค์
►หนังสือทั่วไป:l:General Books
บนชั้น

รายการใกล้เคียง
    หัวเรื่อง [การส่งเสริมสุขภาพ]

BibComment


ยังไม่เคยถูกคอมเมนท์

คอมเมนท์ทรัพยากรรายการนี้
  คอมเมนท์: การสร้างเสริมสุข..


 Copyright 2026. Bcnsprnw @Library